|
|
|
|
| LEADER |
00000nam0a2200000 4500 |
| 001 |
123365 |
| 005 |
20231031130444.0 |
| 035 |
|
|
|a (RuTPU)RU\TPU\book\133542
|
| 090 |
|
|
|a 123365
|
| 100 |
|
|
|a 20071016d1975 m y0rusy50 ca
|
| 101 |
0 |
|
|a rus
|
| 102 |
|
|
|a RU
|
| 105 |
|
|
|a a j 001zy
|
| 200 |
1 |
|
|a Радиолинии космических систем передачи информации
|e учебное пособие
|f И. М. Тепляков, И. Д. Калашников, Б. В. Рощин
|g под ред. И. М. Теплякова
|
| 210 |
|
|
|a Москва
|c Советское радио
|d 1975
|
| 215 |
|
|
|a 400 с.
|c ил.
|
| 320 |
|
|
|a Список литературы: с. 387-391.
|
| 320 |
|
|
|a Предметный указатель: с. 392-396.
|
| 610 |
1 |
|
|a радиолинии
|
| 610 |
1 |
|
|a космические системы
|
| 610 |
1 |
|
|a передача
|
| 610 |
1 |
|
|a информация
|
| 610 |
1 |
|
|a учебные пособия
|
| 610 |
1 |
|
|a пропускная способность
|
| 610 |
1 |
|
|a модуляция
|
| 610 |
1 |
|
|a кодирование
|
| 610 |
1 |
|
|a синхронизация
|
| 610 |
1 |
|
|a методы модуляции
|
| 610 |
1 |
|
|a дискретизация
|
| 610 |
1 |
|
|a восстановление
|
| 610 |
1 |
|
|a помехоустойчивость
|
| 610 |
1 |
|
|a уплотнение
|
| 610 |
1 |
|
|a разделение
|
| 610 |
1 |
|
|a космическая радиосвязь
|
| 675 |
|
|
|a 621.396.93(075.8)
|v 3
|
| 700 |
|
1 |
|a Тепляков
|b И. М.
|g Игорь Михайлович
|
| 701 |
|
1 |
|a Калашников
|b И. Д.
|g Игорь Дмитриевич
|
| 701 |
|
1 |
|a Рощин
|b Б. В.
|g Борис Васильевич
|
| 702 |
|
1 |
|a Тепляков
|b И. М.
|g Игорь Михайлович
|4 340
|
| 801 |
|
1 |
|a RU
|b 63413507
|c 20071016
|g PSBO
|
| 801 |
|
2 |
|a RU
|b 63413507
|c 20080422
|g PSBO
|
| 942 |
|
|
|c BK
|